01601nam a2200373Ia 4500001001200000003000800012006001900020007001500039008004100054010001700095020003100112020002600143040002100169035002100190050002300211082001700234100002500251245010300276260005800379300001400437490005600451504005100507533015200558650007800710650002400788650006700812650006700879650002400946650002800970655002900998710001701027830005701044856012601101ebr10343294CaPaEBRm u cr cn|||||||||090707s2009 vtu sb 001 0 eng d z 2009027379 z9780754666752 (alk. paper) z9780754699040 (ebook) aCaPaEBRcCaPaEBR a(OCoLC)64684608214aPR767b.W66 2009eb04a820.9/332221 aWood, David Houston.10aTime, narrative, and emotion in early modern Englandh[electronic resource] /cDavid Houston Wood. aBurlington, VT ;aFarnham, Surrey :bAshgate,cc2009. ax, 199 p.1 aLiterary and scientific cultures of early modernity aIncludes bibliographical references and index. aElectronic reproduction.bPalo Alto, Calif. :cebrary,d2011.nAvailable via World Wide Web.nAccess may be limited to ebrary affiliated libraries. 0aEnglish prose literatureyEarly modern, 1500-1700xHistory and criticism. 0aTime in literature. 0aLiterature and medicinezGreat BritainxHistoryy16th century. 0aLiterature and medicinezGreat BritainxHistoryy17th century. 0aSelf in literature. 0aEmotions in literature. 7aElectronic books.2local2 aebrary, Inc. 0aLiterary and scientific cultures of early modernity.40uhttp://site.ebrary.com/lib/rucke/Doc?id=10343294zAn electronic book accessible through the World Wide Web; click to view